| 000 | 00500nam a2200181Ia 4500 | ||
|---|---|---|---|
| 003 | LK-CoDNM | ||
| 005 | 20240314123530.0 | ||
| 008 | 010623t1897 xxu||||| |||| 00| 1 sin d | ||
| 040 |
_aLK-CoDNM _dLK-CoDNM _eLK-CoDNM |
||
| 041 | _asin | ||
| 080 | _a104 EE28 | ||
| 100 | _aRanasinghe,V.P | ||
| 245 | _aගහපති ශබ්ද විනිශ්චය | ||
| 246 | _aGahapathi Shabda Vinishchaya | ||
| 260 |
_bVidya Sagara press _aColombo _c1897 |
||
| 300 |
_bDamaged _a22p.,21 cm |
||
| 942 | _cBK | ||
| 999 |
_c84510 _d84510 |
||